2944-三木市(兵庫県)の駅 - Statistics

General Stats
  • This quiz has been taken 10 times
  • The average score is 6 of 7
Answer Stats
Answer % Correct
志染
100%
三木
100%
三木上の丸
88%
緑が丘
75%
広野ゴルフ場前
75%
恵比寿
63%
大村
63%
No matching quizzes found
Score Distribution
Percent of People with Each Score
Percentile by Number Answered
Your Score History
You have not taken this quiz